[Event "XXVII Turniej Szachowy Juniorow "]
[Site "ul. K.K. Baczynskiego 3 - Mlod"]
[Date "2010.01.21"]
[Round "7.1"]
[White "Marchlewicz, Artur"]
[Black "Bokiej, Przemyslaw"]
[Result "0-1"]
[WhiteElo "1792"]
[BlackElo "2069"]
[PlyCount "62"]
[EventDate "2010.??.??"]

1. e4 e6 2. d4 d5 3. Nd2 c5 4. c3 Nc6 5. Ngf3 Nf6 6. e5 Nd7 7. Bd3 cxd4 8. cxd4
Qb6 9. Nb3 a5 10. O-O a4 11. Nbd2 Nxd4 12. Nxd4 Qxd4 13. Nf3 Qb6 14. Rb1 Nc5
15. Be3 Qd8 16. Be2 b6 17. Rc1 Ba6 18. Bxa6 Rxa6 19. Qe2 Ra5 20. Bd2 Ra8 21.
Qb5+ Nd7 22. Nd4 Bc5 23. Be3 Ra5 24. Qe2 Nxe5 25. Bd2 Bxd4 26. Bxa5 bxa5 27.
Qb5+ Nd7 28. Qxa4 Bf6 29. Rc2 O-O 30. Rfc1 Ne5 31. Qb3 Nc4 0-1

[Event "XXVII Turniej Szachowy Juniorow "]
[Site "ul. K.K. Baczynskiego 3 - Mlod"]
[Date "2010.01.21"]
[Round "7.2"]
[White "Nowacki, Krzysztof"]
[Black "Marchlewicz, Damian"]
[Result "1/2-1/2"]
[WhiteElo "1770"]
[BlackElo "1918"]
[PlyCount "97"]
[EventDate "2010.??.??"]

1. e4 e5 2. Nf3 Nc6 3. Bc4 Be7 4. O-O Nf6 5. Re1 d6 6. h3 O-O 7. d4 a6 8. a4
exd4 9. Nxd4 Nxd4 10. Qxd4 Be6 11. Bxe6 fxe6 12. e5 c5 13. Qe3 Nd5 14. Qe2 Nc7
15. exd6 Bxd6 16. Nc3 Qe7 17. Ne4 Rf5 18. g4 Rf7 19. Bg5 Qf8 20. Nxd6 Qxd6 21.
Rad1 Qf8 22. Bh4 Qe8 23. Bg3 Qxa4 24. Bxc7 Rxc7 25. Qxe6+ Kh8 26. Qd6 Rf7 27.
Qxc5 Raf8 28. Re7 Rxe7 29. Qxe7 Qf4 30. Qc5 h6 31. Rd7 Qf3 32. Qd4 Rg8 33. Qd3
Qc6 34. Rd6 Qc5 35. Qd4 Qg5 36. h4 Qxh4 37. Rg6 Kh7 38. Qe4 Kh8 39. Qxb7 Qd8
40. Qf3 a5 41. g5 Rf8 42. Qg4 Qd2 43. f3 Qe1+ 44. Kg2 Qe2+ 45. Kg3 Qe1+ 46. Kh3
Qh1+ 47. Kg3 Qe1+ 48. Kh3 Qh1+ 49. Kg3 1/2-1/2

[Event "XXVII Turniej Szachowy Juniorow "]
[Site "ul. K.K. Baczynskiego 3 - Mlod"]
[Date "2010.01.21"]
[Round "7.3"]
[White "Zwara, Szymon"]
[Black "Mazalon, Mateusz"]
[Result "0-1"]
[WhiteElo "1552"]
[BlackElo "1775"]
[PlyCount "78"]
[EventDate "2010.??.??"]

1. e4 c5 2. Nf3 a6 3. Nc3 e6 4. d4 cxd4 5. Nxd4 b5 6. a3 Bb7 7. Be3 d6 8. Be2
Nf6 9. f3 Be7 10. Qd2 Nbd7 11. O-O-O Nb6 12. g4 d5 13. e5 Nfd7 14. f4 Nc4 15.
Bxc4 bxc4 16. Kb1 Rb8 17. Ka2 Qa5 18. Nce2 Qc7 19. Rb1 Nc5 20. Nc3 Ba8 21. b3
cxb3+ 22. cxb3 O-O 23. Rhc1 Qd7 24. g5 Rfd8 25. h4 Ne4 26. Nxe4 dxe4 27. h5 g6
28. Qh2 Bf8 29. Qh3 Bd5 30. h6 Qe7 31. Nc2 a5 32. Bd2 a4 33. Bb4 Qb7 34. Rb2
axb3+ 35. Rxb3 Bxb3+ 36. Qxb3 Rd3 37. Qb2 Qd5+ 38. Ka1 Rb3 39. Qd4 Bxb4 0-1

[Event "XXVII Turniej Szachowy Juniorow "]
[Site "ul. K.K. Baczynskiego 3 - Mlod"]
[Date "2010.01.21"]
[Round "7.4"]
[White "Brzezinski, Mateusz"]
[Black "Kaczmarczyk, Pawel"]
[Result "1-0"]
[WhiteElo "1966"]
[BlackElo "1602"]
[PlyCount "133"]
[EventDate "2010.??.??"]

1. c4 e5 2. Nc3 Nf6 3. g3 d5 4. cxd5 Nxd5 5. Bg2 Be6 6. Nf3 Nc6 7. d3 Be7 8.
O-O O-O 9. Nxd5 Bxd5 10. Be3 f6 11. Rc1 Qd7 12. Bc5 Bxc5 13. Rxc5 Qd6 14. Qc2
Kh8 15. Rc1 Bxf3 16. Bxf3 Nd4 17. Qc4 c6 18. Ra5 Nxf3+ 19. exf3 Rfd8 20. Ra3
Qd5 21. Qxd5 Rxd5 22. Rb3 Rd7 23. Kf1 Kg8 24. a4 Rc8 25. a5 c5 26. Ke2 Rc6 27.
Rb5 b6 28. Rc4 Rb7 29. Kd2 a6 30. Rxb6 Rcxb6 31. axb6 Rxb6 32. Kc3 Rc6 33. f4
exf4 34. Rxf4 Kf7 35. Re4 g6 36. Kc4 Rb6 37. Re2 Rb5 38. b3 Rb4+ 39. Kc3 h6 40.
Ra2 Rb6 41. Ra5 Ke6 42. Rxc5 Kd6 43. Rc8 f5 44. Kc4 Kd7 45. Rg8 Rc6+ 46. Kd4
Rd6+ 47. Kc3 Rc6+ 48. Kd2 Re6 49. Rb8 Kc7 50. Rb4 Kc6 51. f3 Kc5 52. Rb8 a5 53.
h4 h5 54. Kc3 Ra6 55. Rg8 Rd6 56. d4+ Kd5 57. Ra8 Rc6+ 58. Kd3 Rb6 59. Rxa5+
Kd6 60. Kc4 Rc6+ 61. Rc5 Rb6 62. b4 Ra6 63. Ra5 Rc6+ 64. Kd3 Rb6 65. Kc4 Rc6+
66. Rc5 Rb6 67. d5 1-0

[Event "XXVII Turniej Szachowy Juniorow "]
[Site "ul. K.K. Baczynskiego 3 - Mlod"]
[Date "2010.01.21"]
[Round "7.5"]
[White "Kotula, Konrad"]
[Black "Maksimenko, Andrei Jr"]
[Result "1-0"]
[WhiteElo "1811"]
[BlackElo "1746"]
[PlyCount "85"]
[EventDate "2010.??.??"]

1. g3 d5 2. Bg2 Nf6 3. Nf3 Nc6 4. O-O e5 5. d3 Be6 6. Nbd2 Qd7 7. Re1 Bc5 8.
Ng5 Bxf2+ 9. Kxf2 Ng4+ 10. Kg1 Ne3 11. Nxe6 Qxe6 12. c4 Nxd1 13. cxd5 Qe7 14.
dxc6 Qc5+ 15. e3 bxc6 16. Nc4 O-O 17. Rxd1 Rad8 18. b3 Rfe8 19. Bb2 f6 20. Rac1
Qf8 21. Bxc6 Re6 22. Bg2 Qf7 23. Rd2 e4 24. d4 f5 25. Rf2 Qh5 26. Bf1 Rh6 27.
Ne5 Rf6 28. Rxc7 Qd1 29. Rc1 Qh5 30. Ba3 Re8 31. Be2 Qh3 32. Bc4+ Kh8 33. Nf7+
Rxf7 34. Bxf7 Rb8 35. Bd6 Rd8 36. Be7 Rb8 37. Rfc2 h6 38. Rc8+ Rxc8 39. Rxc8+
Kh7 40. Rc6 g6 41. Rxg6 f4 42. Bf6 h5 43. Rg8 1-0

[Event "XXVII Turniej Szachowy Juniorow "]
[Site "ul. K.K. Baczynskiego 3 - Mlod"]
[Date "2010.01.21"]
[Round "7.6"]
[White "Zebracki, Tomasz"]
[Black "Maciejewski, Mikolaj"]
[Result "1-0"]
[WhiteElo "1789"]
[BlackElo "1572"]
[PlyCount "41"]
[EventDate "2010.??.??"]

1. e4 g6 2. d4 d6 3. f4 Bg7 4. Nf3 c5 5. Nc3 cxd4 6. Nxd4 Nc6 7. Be3 Nf6 8. Qd2
Ng4 9. Bg1 Bd7 10. h3 Nf6 11. O-O-O Nxd4 12. Bxd4 Nh5 13. g4 Bxd4 14. Qxd4 e5
15. fxe5 Ng3 16. exd6 Qg5+ 17. Kb1 O-O 18. Nd5 f6 19. Bc4 Kg7 20. Rhg1 b5 21.
Bd3 1-0

[Event "XXVII Turniej Szachowy Juniorow "]
[Site "ul. K.K. Baczynskiego 3 - Mlod"]
[Date "2010.01.21"]
[Round "7.8"]
[White "Proczek, Mateusz"]
[Black "Budnik, Mateusz"]
[Result "0-1"]
[WhiteElo "1713"]
[BlackElo "1612"]
[PlyCount "128"]
[EventDate "2010.??.??"]

1. e4 c5 2. Nf3 Nc6 3. d4 cxd4 4. Nxd4 Nf6 5. Nc3 d6 6. Bb5 Bd7 7. Nxc6 Bxc6 8.
Bxc6+ bxc6 9. O-O g6 10. Qf3 Nd7 11. Rd1 Bg7 12. Bf4 O-O 13. a3 c5 14. Rab1 Ne5
15. Bxe5 Bxe5 16. Qd3 Qa5 17. Nd5 e6 18. Ne7+ Kg7 19. Nc6 Qc7 20. Nxe5 dxe5 21.
Qd6 Qxd6 22. Rxd6 Rfc8 23. Rbd1 c4 24. b3 cxb3 25. cxb3 a5 26. Rb6 Rc3 27. a4
Rac8 28. f3 Rc2 29. Rb5 Rb2 30. Rxe5 Kf6 31. f4 Rcc2 32. Rg5 h6 33. e5+ Kg7 34.
Rg3 h5 35. h4 Rf2 36. Rf1 Rfc2 37. f5 exf5 38. Rxf5 Rxg2+ 39. Rxg2 Rxg2+ 40.
Kxg2 gxf5 41. Kg3 Kh6 42. Kf4 Kg6 43. Ke3 Kh6 44. Kd4 Kg6 45. Kd3 f4 46. Ke4 f3
47. Kxf3 Kf5 48. Kg3 Kxe5 49. Kf3 f6 50. Ke3 f5 51. Kf3 Kd4 52. Kf4 Kc3 53.
Kxf5 Kxb3 54. Kg5 Kxa4 55. Kxh5 Kb4 56. Kg6 a4 57. h5 a3 58. h6 a2 59. Kg7
a1=Q+ 60. Kg8 Qg1+ 61. Kh8 Qd4+ 62. Kg8 Qd5+ 63. Kh8 Qe5+ 64. Kh7 Qg5 0-1

[Event "XXVII Turniej Szachowy Juniorow "]
[Site "ul. K.K. Baczynskiego 3 - Mlod"]
[Date "2010.01.21"]
[Round "7.9"]
[White "Szulgacz, Maciej"]
[Black "Skoczek, Karolina"]
[Result "1-0"]
[WhiteElo "1644"]
[BlackElo "1636"]
[PlyCount "47"]
[EventDate "2010.??.??"]

1. d4 d5 2. c4 dxc4 3. Nc3 e5 4. Nf3 exd4 5. Qxd4 Qxd4 6. Nxd4 Bc5 7. Ndb5 Na6
8. Nd5 Bb6 9. Nxb6 axb6 10. Bf4 Kd8 11. Rd1+ Bd7 12. e3 Kc8 13. Bxc4 Nf6 14.
Rc1 Bxb5 15. Bxb5 c6 16. O-O Nd5 17. Bg3 Kd7 18. Rfd1 Ke7 19. Bc4 Nac7 20. e4
Rhd8 21. exd5 Nxd5 22. a3 b5 23. Bxd5 cxd5 24. Rc7+ 1-0

[Event "XXVII Turniej Szachowy Juniorow "]
[Site "ul. K.K. Baczynskiego 3 - Mlod"]
[Date "2010.01.21"]
[Round "7.10"]
[White "Wisniewski, Szymon"]
[Black "Bartoszewski, Bartosz"]
[Result "1/2-1/2"]
[WhiteElo "1456"]
[BlackElo "1548"]
[PlyCount "50"]
[EventDate "2010.??.??"]

1. e4 e6 2. Qe2 Bc5 3. Nf3 Nc6 4. g3 Nge7 5. Bg2 O-O 6. O-O d6 7. d3 h6 8. Nbd2
e5 9. Nb3 Bb6 10. Be3 Bxe3 11. Qxe3 Be6 12. Nbd2 Qd7 13. Rfd1 Bh3 14. c3 Bxg2
15. Kxg2 f5 16. d4 fxe4 17. Nxe4 exd4 18. Nxd4 Nxd4 19. Qxd4 Nc6 20. Qc4+ Kh8
21. f4 Rad8 22. Qd3 Ne7 23. Re1 Ng6 24. Rad1 Rxf4 25. Kg1 Rf7 1/2-1/2

[Event "XXVII Turniej Szachowy Juniorow "]
[Site "ul. K.K. Baczynskiego 3 - Mlod"]
[Date "2010.01.21"]
[Round "8.1"]
[White "Bokiej, Przemyslaw"]
[Black "Kotula, Konrad"]
[Result "0-1"]
[WhiteElo "2069"]
[BlackElo "1811"]
[PlyCount "46"]
[EventDate "2010.??.??"]

1. e4 c5 2. Nf3 Nc6 3. d4 cxd4 4. Nxd4 g6 5. Nc3 Bg7 6. Be3 Nf6 7. Bc4 O-O 8.
Bb3 a5 9. f3 d5 10. exd5 Nb4 11. Ndb5 a4 12. Nxa4 Nfxd5 13. Bd4 Rxa4 14. Bxg7
Kxg7 15. Bxa4 Qa5 16. c3 Rd8 17. Qe2 Qxa4 18. cxb4 Qxb4+ 19. Nc3 Nf4 20. Qc2
Bf5 21. a3 Qc5 22. Qe2 Nxe2 23. Nxe2 Qe3 0-1

[Event "XXVII Turniej Szachowy Juniorow "]
[Site "ul. K.K. Baczynskiego 3 - Mlod"]
[Date "2010.01.21"]
[Round "8.2"]
[White "Marchlewicz, Damian"]
[Black "Mazalon, Mateusz"]
[Result "1-0"]
[WhiteElo "1918"]
[BlackElo "1775"]
[PlyCount "105"]
[EventDate "2010.??.??"]

1. d4 d5 2. Nf3 e6 3. Bf4 c5 4. c3 Nc6 5. e3 Nf6 6. Nbd2 Bd6 7. Bxd6 Qxd6 8.
Bd3 O-O 9. O-O a6 10. Re1 b5 11. e4 dxe4 12. Nxe4 Nxe4 13. Bxe4 Bb7 14. Qc2 h6
15. Rad1 cxd4 16. Nxd4 Nxd4 17. Rxd4 Bxe4 18. Qxe4 Qb6 19. Red1 Rfd8 20. g3
Rac8 21. h4 Rxd4 22. Qxd4 Qxd4 23. Rxd4 Rc6 24. Rd8+ Kh7 25. Kg2 Kg6 26. Rd7 e5
27. Kf3 Rf6+ 28. Ke3 Kf5 29. f3 Ke6 30. Ra7 Kd5 31. Rd7+ Ke6 32. Ra7 Kd5 33. g4
g5 34. h5 Kc5 35. Ke4 Kb6 36. Re7 Rf4+ 37. Ke3 Kc5 38. Rxe5+ Kc6 39. Re4 Rf6
40. f4 gxf4+ 41. Rxf4 Re6+ 42. Kf3 f6 43. Re4 Rd6 44. Re2 Kc5 45. Kf4 b4 46.
cxb4+ Kxb4 47. Kf5 Rd5+ 48. Kxf6 Rg5 49. Re4+ Kc5 50. Re5+ Rxe5 51. Kxe5 Kc4
52. g5 hxg5 53. h6 1-0

[Event "XXVII Turniej Szachowy Juniorow "]
[Site "ul. K.K. Baczynskiego 3 - Mlod"]
[Date "2010.01.21"]
[Round "8.3"]
[White "Nowacki, Krzysztof"]
[Black "Zebracki, Tomasz"]
[Result "1/2-1/2"]
[WhiteElo "1770"]
[BlackElo "1789"]
[PlyCount "116"]
[EventDate "2010.??.??"]

1. e4 e6 2. d4 d5 3. Nd2 c5 4. dxc5 Bxc5 5. Nb3 Nf6 6. Nxc5 Qa5+ 7. c3 Qxc5 8.
Be3 Qc7 9. exd5 Nxd5 10. Bd2 O-O 11. Qf3 Nc6 12. c4 Qe5+ 13. Ne2 Ndb4 14. O-O-O
Nxa2+ 15. Kb1 Nab4 16. Bc3 Qg5 17. Nc1 Qg6+ 18. Bd3 Nxd3 19. Qxd3 Qxd3+ 20.
Rxd3 e5 21. Rd5 Bf5+ 22. Ka2 Rac8 23. b3 Be6 24. Rd3 a5 25. Re3 Rfd8 26. Nd3 a4
27. Nc5 axb3+ 28. Kxb3 Nd4+ 29. Bxd4 exd4 30. Nxe6 dxe3 31. Nxd8 Rxd8 32. fxe3
Rd3+ 33. Kb4 Rxe3 34. Rd1 g5 35. Rd2 Kg7 36. Rb2 h5 37. Kc5 Kg6 38. h3 Rg3 39.
Kb6 Rc3 40. c5 Kf5 41. Rb5 Kf4 42. Kxb7 Rc2 43. c6 Rxg2 44. Rc5 Rb2+ 45. Kc8
Ra2 46. c7 Ra7 47. Kd7 f5 48. Ke6 Ra6+ 49. Kd5 Ra8 50. c8=Q Rxc8 51. Rxc8 g4
52. Rc4+ Kg3 53. hxg4 fxg4 54. Ke4 h4 55. Rc3+ Kh2 56. Kf4 g3 57. Kg4 g2 58.
Rh3+ Kg1 1/2-1/2

[Event "XXVII Turniej Szachowy Juniorow "]
[Site "ul. K.K. Baczynskiego 3 - Mlod"]
[Date "2010.01.21"]
[Round "8.4"]
[White "Brzezinski, Mateusz"]
[Black "Marchlewicz, Artur"]
[Result "1-0"]
[WhiteElo "1966"]
[BlackElo "1792"]
[PlyCount "41"]
[EventDate "2010.??.??"]

1. c4 c6 2. Nc3 g6 3. Nf3 Bg7 4. d4 d5 5. cxd5 cxd5 6. Bf4 Nc6 7. e3 Bd7 8.
Nxd5 Qa5+ 9. Nc3 Qb6 10. Qd2 Nf6 11. Be2 O-O 12. O-O Bf5 13. Rac1 e6 14. Bd6
Rfd8 15. Na4 Qa5 16. Qxa5 Nxa5 17. Bc7 Rd5 18. Nc3 Rd7 19. Bxa5 b6 20. Bb4 a5
21. Ba3 1-0

[Event "XXVII Turniej Szachowy Juniorow "]
[Site "ul. K.K. Baczynskiego 3 - Mlod"]
[Date "2010.01.21"]
[Round "8.5"]
[White "Kaczmarczyk, Pawel"]
[Black "Zwara, Szymon"]
[Result "0-1"]
[WhiteElo "1602"]
[BlackElo "1552"]
[PlyCount "46"]
[EventDate "2010.??.??"]

1. e4 c5 2. f4 Nc6 3. Nf3 g6 4. d4 cxd4 5. Nxd4 Bg7 6. c3 d6 7. Bb5 Bd7 8. O-O
Nf6 9. Bxc6 bxc6 10. Qc2 O-O 11. Kh1 Rb8 12. f5 c5 13. Nf3 Bc6 14. Nbd2 e6 15.
fxg6 hxg6 16. e5 Ng4 17. Ne4 Nxe5 18. Nxe5 Bxe5 19. Bg5 Bxe4 20. Qxe4 Qxg5 21.
Qc2 Kg7 22. Qf2 Rb7 23. Qe2 Rh8 0-1

[Event "XXVII Turniej Szachowy Juniorow "]
[Site "ul. K.K. Baczynskiego 3 - Mlod"]
[Date "2010.01.21"]
[Round "8.6"]
[White "Budnik, Mateusz"]
[Black "Szulgacz, Maciej"]
[Result "0-1"]
[WhiteElo "1612"]
[BlackElo "1644"]
[PlyCount "72"]
[EventDate "2010.??.??"]

1. d4 d6 2. c4 Nf6 3. Nc3 g6 4. Bf4 Bg7 5. Nf3 Nbd7 6. e3 Nh5 7. Bg3 Nxg3 8.
hxg3 e5 9. d5 f5 10. Be2 O-O 11. Kd2 Rb8 12. Rh2 c5 13. Qh1 h6 14. Rxh6 e4 15.
Ne1 Bxh6 16. Qxh6 Qf6 17. Nc2 Qg7 18. Qf4 Ne5 19. Qg5 Bd7 20. Na3 a6 21. Rh1
Kf7 22. f4 exf3 23. gxf3 Rh8 24. Rxh8 Rxh8 25. e4 Qh6 26. Qxh6 Rxh6 27. f4 Ng4
28. Bxg4 fxg4 29. e5 Bf5 30. e6+ Ke7 31. Ne2 Rh2 32. b3 Be4 33. Ke3 Bf3 34. Nc3
Rg2 35. Nab1 Rxg3 36. Na4 Bxd5+ 0-1

[Event "XXVII Turniej Szachowy Juniorow "]
[Site "ul. K.K. Baczynskiego 3 - Mlod"]
[Date "2010.01.21"]
[Round "8.7"]
[White "Maciejewski, Mikolaj"]
[Black "Bednarkiewicz, Jakub"]
[Result "1-0"]
[WhiteElo "1572"]
[BlackElo "1548"]
[PlyCount "89"]
[EventDate "2010.??.??"]

1. e4 c5 2. d4 cxd4 3. c3 d6 4. cxd4 Nf6 5. Nc3 e6 6. Nf3 Be7 7. Bc4 O-O 8. O-O
a6 9. Qe2 b5 10. Bb3 Bb7 11. d5 b4 12. dxe6 bxc3 13. Ng5 h6 14. exf7+ Kh8 15.
Ne6 Qc8 16. Nxf8 Qxf8 17. f3 Nbd7 18. Rd1 Ne5 19. bxc3 Nxf7 20. Bb2 Ne5 21. Be6
Qd8 22. c4 Nc6 23. Bd5 Qb6+ 24. Kh1 Rf8 25. Rab1 Qa7 26. Bc1 Na5 27. Be3 Qa8
28. Bb6 Nc6 29. Be3 a5 30. Rb2 Qc8 31. Rdb1 Ba8 32. Qd2 Kh7 33. a3 Ne5 34. Rc2
Bxd5 35. cxd5 Qe8 36. Qxa5 Qh5 37. Qe1 Nxf3 38. gxf3 Qxf3+ 39. Rg2 Ng4 40. Qg3
Qxe4 41. Re1 Bh4 42. Qxh4 Qxe3 43. Rxe3 Rf1+ 44. Rg1 Nf2+ 45. Kg2 1-0

[Event "XXVII Turniej Szachowy Juniorow "]
[Site "ul. K.K. Baczynskiego 3 - Mlod"]
[Date "2010.01.21"]
[Round "8.8"]
[White "Bartoszewski, Bartosz"]
[Black "Maksimenko, Andrei Jr"]
[Result "0-1"]
[WhiteElo "1548"]
[BlackElo "1746"]
[PlyCount "32"]
[EventDate "2010.??.??"]

1. c4 Nf6 2. Nc3 e5 3. g3 d5 4. cxd5 Nxd5 5. Nxd5 Qxd5 6. f3 Bc5 7. e3 Be6 8.
Bg2 Nc6 9. Ne2 O-O-O 10. O-O Bxe3+ 11. Kh1 Bxd2 12. f4 e4 13. Bxd2 Qxd2 14.
Bxe4 Qe3 15. Qc2 Rd2 16. Qa4 Qxe2 0-1

[Event "XXVII Turniej Szachowy Juniorow "]
[Site "ul. K.K. Baczynskiego 3 - Mlod"]
[Date "2010.01.21"]
[Round "8.9"]
[White "Mikolajczak, Wojciech"]
[Black "Skoczek, Karolina"]
[Result "0-1"]
[WhiteElo "1605"]
[BlackElo "1636"]
[PlyCount "106"]
[EventDate "2010.??.??"]

1. c4 e5 2. Nc3 d6 3. g3 g6 4. Bg2 Bg7 5. e3 f5 6. Nge2 Nf6 7. d4 O-O 8. O-O c6
9. d5 Bd7 10. e4 Nh5 11. exf5 Bxf5 12. dxc6 Nxc6 13. Qd5+ Kh8 14. Rd1 Nb4 15.
Qxb7 Nc2 16. Rb1 Nd4 17. Be4 Rb8 18. Qd5 Nf6 19. Bg5 Nxd5 20. Bxd8 Nxe2+ 21.
Nxe2 Bxe4 22. cxd5 Bxb1 23. Be7 Rf3 24. Rxb1 Bf8 25. Bxf8 Rbxf8 26. Rf1 Rd3 27.
Nc3 Rb8 28. Rb1 Rd2 29. b3 Rc8 30. Nb5 Rxd5 31. Na3 Rd2 32. Nc4 Rd3 33. Kf1 e4
34. Ke2 d5 35. Ne3 Rcc3 36. Rb2 h5 37. h4 Kg7 38. Ng2 Kf6 39. Nf4 Rd4 40. b4
Ra3 41. b5 Kf5 42. Ng2 Rda4 43. Nf4 d4 44. Nd5 Rxa2 45. Rxa2 Rxa2+ 46. Ke1 Kg4
47. Nb4 Rb2 48. Nc6 d3 49. Nxa7 Kf3 50. Nc6 d2+ 51. Kd1 Kxf2 52. Nd4 e3 53. b6
Rb1+ 0-1

[Event "XXVII Turniej Szachowy Juniorow "]
[Site "ul. K.K. Baczynskiego 3 - Mlod"]
[Date "2010.01.21"]
[Round "8.10"]
[White "Proczek, Mateusz"]
[Black "Wisniewski, Szymon"]
[Result "1/2-1/2"]
[WhiteElo "1713"]
[BlackElo "1456"]
[PlyCount "109"]
[EventDate "2010.??.??"]

1. e4 c5 2. Nf3 d6 3. c3 d5 4. e5 d4 5. cxd4 cxd4 6. Qa4+ Nc6 7. Bb5 Bd7 8. O-O
g6 9. Bxc6 Bxc6 10. Qxd4 Bxf3 11. Qxd8+ Rxd8 12. gxf3 Bg7 13. Re1 Rd5 14. e6
fxe6 15. Rxe6 Rf5 16. Kg2 Rg5+ 17. Kf1 Rf5 18. Re3 Nh6 19. Nc3 Rhf8 20. Ne4
Rxf3 21. Rxf3 Rxf3 22. Ng5 Rf5 23. Ne6 Be5 24. d4 Ng4 25. dxe5 Rxf2+ 26. Kg1
Rxh2 27. Bf4 Rxb2 28. Nc5 b6 29. Nd3 Rc2 30. Rc1 Rxc1+ 31. Nxc1 Kf7 32. Kg2 Ke6
33. Nd3 Kf5 34. Kf3 g5 35. Bd2 h5 36. Bc3 Nh6 37. Nb4 Ke6 38. Ke4 h4 39. Nc6 a6
40. Nd4+ Kf7 41. Bd2 Kg6 42. Nf3 Nf7 43. e6 Nd6+ 44. Kd5 h3 45. Bxg5 h2 46.
Nxh2 Kxg5 47. Nf3+ Kf6 48. Nd4 b5 49. Nc6 Nf5 50. Nd8 Ng7 51. a3 a5 52. Nc6
Nxe6 53. Nxa5 Nf4+ 54. Kc5 e5 55. Nc6 1/2-1/2

[Event "XXVII Turniej Szachowy Juniorow "]
[Site "ul. K.K. Baczynskiego 3 - Mlod"]
[Date "2010.01.22"]
[Round "9.2"]
[White "Zebracki, Tomasz"]
[Black "Bokiej, Przemyslaw"]
[Result "0-1"]
[WhiteElo "1789"]
[BlackElo "2069"]
[PlyCount "118"]
[EventDate "2010.??.??"]

1. e4 e6 2. d4 d5 3. exd5 exd5 4. Bd3 Nc6 5. Ne2 Bd6 6. Nbc3 Nge7 7. Bg5 f6 8.
Bh4 Nb4 9. Bb5+ c6 10. Ba4 Nf5 11. Bg3 Nxg3 12. hxg3 Bf5 13. a3 Na6 14. Nxd5 b5
15. Ne3 bxa4 16. Nxf5 Qa5+ 17. Nc3 Qxf5 18. Qe2+ Kf7 19. Qxa6 Rhe8+ 20. Kd1
Qxf2 21. Qc4+ Kf8 22. Kc1 Re1+ 23. Rxe1 Qxe1+ 24. Nd1 Re8 25. b4 axb3 26. Qxb3
a5 27. Qc4 Re4 28. Qxc6 Rxd4 29. Qa8+ Qe8 30. Qxa5 Qe6 31. a4 Bb4 32. Qa7 Bd2+
33. Kb2 Rb4+ 34. Ka3 Qd6 35. Ka2 Qd5+ 36. Ka3 Rb7 37. Qa8+ Kf7 38. Qxb7+ Qxb7
39. c3 Qxg2 40. Kb3 Qxg3 41. a5 Qb8+ 42. Kc2 Bf4 43. a6 Qa7 44. Nb2 h5 45. Nd3
Bd6 46. Nb4 Bxb4 47. cxb4 h4 48. Kb3 h3 49. b5 h2 50. Kc4 Qc7+ 51. Kb4 Qd6+ 52.
Kc4 Qe6+ 53. Kb4 Qe4+ 54. Kb3 h1=Q 55. Rxh1 Qxh1 56. Kb4 Ke7 57. b6 Qc6 58. b7
Qb6+ 59. Kc4 Qxa6+ 0-1

[Event "XXVII Turniej Szachowy Juniorow "]
[Site "ul. K.K. Baczynskiego 3 - Mlod"]
[Date "2010.01.22"]
[Round "9.4"]
[White "Mazalon, Mateusz"]
[Black "Kotula, Konrad"]
[Result "1-0"]
[WhiteElo "1775"]
[BlackElo "1811"]
[PlyCount "119"]
[EventDate "2010.??.??"]

1. e4 c5 2. Nf3 Nc6 3. Bb5 a6 4. Bxc6 bxc6 5. O-O g6 6. d3 Bg7 7. Re1 e5 8. Nc3
Ne7 9. Be3 d6 10. Nd2 O-O 11. f4 f5 12. Rf1 Bh6 13. Qe2 exf4 14. Bxf4 Bxf4 15.
Rxf4 g5 16. Rf2 Ng6 17. Raf1 f4 18. d4 a5 19. Qc4+ Rf7 20. Qa4 Ba6 21. Rd1 cxd4
22. Qxd4 Ne5 23. Nb3 Ng4 24. Qxd6 Qb6 25. Qd4 Qxd4 26. Nxd4 Nxf2 27. Kxf2 Bb7
28. Nf5 Rf6 29. Rd7 Bc8 30. Rg7+ Kf8 31. Rxh7 Rb8 32. b3 Rg6 33. Ne7 Rg7 34.
Rxg7 Kxg7 35. Nxc6 Ra8 36. Nd5 Bb7 37. Nce7 Kf7 38. c4 Re8 39. Nf5 Re6 40. Kf3
Kg6 41. Nd4 Re8 42. Nb5 Rh8 43. h3 Rh7 44. a3 Bc8 45. b4 axb4 46. axb4 Bxh3 47.
gxh3 Rxh3+ 48. Kg2 Rg3+ 49. Kf2 Kh5 50. c5 Kh4 51. c6 Kh3 52. c7 Rg2+ 53. Kf1
Rc2 54. Nbc3 f3 55. c8=Q+ g4 56. Qh8+ Kg3 57. Qe5+ Kh4 58. Qf6+ Kg3 59. Qf4+
Kh3 60. Nf6 1-0

[Event "XXVII Turniej Szachowy Juniorow "]
[Site "ul. K.K. Baczynskiego 3 - Mlod"]
[Date "2010.01.22"]
[Round "9.5"]
[White "Maksimenko, Andrei Jr"]
[Black "Szulgacz, Maciej"]
[Result "1-0"]
[WhiteElo "1746"]
[BlackElo "1644"]
[PlyCount "53"]
[EventDate "2010.??.??"]

1. e4 d6 2. d4 Nf6 3. Nc3 g6 4. Be3 Bg7 5. Qd2 Nbd7 6. O-O-O O-O 7. f3 a6 8. g4
h5 9. gxh5 Nxh5 10. Nge2 b5 11. Ng3 Ndf6 12. Nxh5 Nxh5 13. Ne2 Be6 14. d5 Bd7
15. Ng3 Nf6 16. h4 Rc8 17. h5 c5 18. h6 Nxe4 19. Nxe4 Bxb2+ 20. Kxb2 b4 21. h7+
Kh8 22. Bh6 Qa5 23. Bxf8 Qa3+ 24. Kb1 Rxf8 25. Qh6 Rb8 26. Ng5 Be6 27. dxe6 1-0

[Event "XXVII Turniej Szachowy Juniorow "]
[Site "ul. K.K. Baczynskiego 3 - Mlod"]
[Date "2010.01.22"]
[Round "9.7"]
[White "Bartoszewski, Bartosz"]
[Black "Maciejewski, Mikolaj"]
[Result "0-1"]
[WhiteElo "1548"]
[BlackElo "1572"]
[PlyCount "100"]
[EventDate "2010.??.??"]

1. c4 Nf6 2. Nc3 g6 3. g3 Bg7 4. Bg2 O-O 5. e3 d6 6. Nge2 e5 7. O-O Nbd7 8. b3
Rb8 9. Bb2 Nc5 10. d4 exd4 11. exd4 Ncd7 12. d5 Re8 13. Qc2 Ne5 14. Rfe1 Bf5
15. Qd2 Nd3 16. Red1 Nxb2 17. Qxb2 Ne4 18. Qc1 Nxc3 19. Nxc3 Qf6 20. Nb5 Qxa1
21. Qxa1 Bxa1 22. Rxa1 a6 23. Nc3 Re7 24. Kf1 Rbe8 25. f4 Bd3+ 26. Kf2 Re3 27.
Nd1 Re1 28. Bf3 Bc2 29. Rc1 Bxd1 30. Rxd1 Rxd1 31. Bxd1 Kg7 32. Bg4 f5 33. Bf3
Kf6 34. Bg2 h6 35. h4 g5 36. h5 gxf4 37. gxf4 Rb8 38. Bh1 b5 39. Ke3 bxc4 40.
bxc4 Rb2 41. Kd4 Rxa2 42. c5 Rd2+ 43. Kc4 Rf2 44. cxd6 cxd6 45. Kb4 Rxf4+ 46.
Ka5 Ke5 47. Kxa6 Rd4 48. Kb5 Rxd5+ 49. Bxd5 Kxd5 50. Kb4 Kd4 0-1

[Event "XXVII Turniej Szachowy Juniorow "]
[Site "ul. K.K. Baczynskiego 3 - Mlod"]
[Date "2010.01.22"]
[Round "9.8"]
[White "Budnik, Mateusz"]
[Black "Mikolajczak, Wojciech"]
[Result "1/2-1/2"]
[WhiteElo "1612"]
[BlackElo "1605"]
[PlyCount "61"]
[EventDate "2010.??.??"]

1. e4 e6 2. d4 d5 3. e5 c5 4. c3 Qb6 5. Nf3 Nc6 6. Bd3 Bd7 7. Bc2 cxd4 8. cxd4
Bb4+ 9. Nc3 Rc8 10. O-O Bxc3 11. bxc3 Nge7 12. Qd3 Na5 13. Rb1 Qc7 14. Bd2 Nc4
15. Bc1 Na5 16. Bb2 Nc4 17. Rfc1 Nxb2 18. Rxb2 b6 19. Bb3 Nc6 20. Re2 Na5 21.
Re3 Nc4 22. Bxc4 Qxc4 23. Qb1 Bb5 24. Nd2 Qc6 25. Rh3 g6 26. Re1 Bc4 27. Nxc4
Qxc4 28. Ree3 b5 29. a3 a5 30. g4 Rb8 31. Rd3 1/2-1/2

[Event "XXVII Turniej Szachowy Juniorow "]
[Site "ul. K.K. Baczynskiego 3 - Mlod"]
[Date "2010.01.22"]
[Round "9.9"]
[White "Wisniewski, Szymon"]
[Black "Kaczmarczyk, Pawel"]
[Result "1-0"]
[WhiteElo "1456"]
[BlackElo "1602"]
[PlyCount "105"]
[EventDate "2010.??.??"]

1. e4 c6 2. d4 d5 3. Nc3 dxe4 4. Nxe4 Bf5 5. Ng3 Bg6 6. h4 h6 7. Nf3 Nd7 8. h5
Bh7 9. Bd3 Bxd3 10. Qxd3 e6 11. Bf4 Qa5+ 12. Bd2 Qc7 13. O-O-O O-O-O 14. Qe2
Ngf6 15. Ne5 Nxe5 16. dxe5 Nd7 17. f4 Bc5 18. Ne4 Kb8 19. g4 Be7 20. Bc3 Nc5
21. Nxc5 Bxc5 22. Rxd8+ Rxd8 23. Rd1 Rd5 24. Rxd5 cxd5 25. Kb1 a6 26. Qd3 Qc6
27. a3 Qb6 28. b4 a5 29. Be1 axb4 30. axb4 Bxb4 31. Qb3 Bc5 32. Qxb6 Bxb6 33.
Bd2 Kc7 34. c3 Kc6 35. f5 exf5 36. gxf5 Bd8 37. Kc2 Bc7 38. Bf4 Kd7 39. e6+
fxe6 40. fxe6+ Kxe6 41. Bxc7 Kf5 42. Kd3 Kg5 43. Be5 Kxh5 44. Bxg7 Kg6 45. Be5
Kf5 46. Kd4 Ke6 47. Bf4 h5 48. Bg3 b6 49. Bc7 h4 50. Bh2 b5 51. Kc5 h3 52. Kd4
Kf5 53. Kxd5 1-0

[Event "XXVII Turniej Szachowy Juniorow "]
[Site "ul. K.K. Baczynskiego 3 - Mlod"]
[Date "2010.01.22"]
[Round "9.10"]
[White "Skoczek, Karolina"]
[Black "Proczek, Mateusz"]
[Result "0-1"]
[WhiteElo "1636"]
[BlackElo "1713"]
[PlyCount "60"]
[EventDate "2010.??.??"]

1. e4 e5 2. Nf3 Nc6 3. d4 exd4 4. c3 dxc3 5. Nxc3 Bb4 6. Bc4 Nf6 7. O-O Bxc3 8.
bxc3 O-O 9. Bg5 h6 10. Bxf6 Qxf6 11. Nd4 Nxd4 12. cxd4 d6 13. f4 Rb8 14. Rb1 c6
15. e5 dxe5 16. dxe5 Qe7 17. Qd4 b6 18. Kh1 Rd8 19. Qe4 Be6 20. Bd3 g6 21. Qe2
Rxd3 22. Qxd3 Bf5 23. Qg3 Bxb1 24. Rxb1 Qe6 25. a3 Rd8 26. Rf1 Qf5 27. h3 Rd3
28. Qh4 h5 29. Qe7 Qe4 30. Qxa7 Rg3 0-1